000 02201nam a22002417a 4500
003 Uzh_bibl
008 260525b |||||||| |||| 00| 0 ukr d
020 _a978-0-00-787472-9
_c100.00
040 _bукр.
041 _2eng
_aeng
080 _a821(410)
090 _a821(410)
_bМ 83
100 _a Morpurgo, Michael
245 _aKaspar: Prince of Cats
_hText
_cil.Michael Foreman
260 _aLondon
_bHarperCollins
_c2008
300 _a208 s.
520 _aЗворушливий, ілюстрований кольоровими ілюстраціями роман про Каспара, кота Савой, від нагородженого автора «Born to Run» та «The Amazing Story of Adolphus Tips» Кіт Каспар вперше прийшов до готелю Savoy у кошику — Джонні Тротт знає, бо саме він його ніс. Джонні був носієм, розумієте, і він ніс усі речі графині Кандинської до її кімнати. Але Джонні не очікував, що назавжди залишиться з Каспаром на руках, і не розраховував на дружбу з Ліззібет, енергійною американською спадкоємицею. Незабаром починаються події, які перенесуть Джонні — і Каспара — по всьому світу, переживаючи крадіжки, корабельні аварії та рятувальні операції на даху. Бо все змінюється, коли поруч є такий кіт, як Каспар. Адже він принц Каспар Кандинський, принц котів, москвич, лондонець і ньюйорківець, і, наскільки відомо, єдиний кіт, який вижив після затоплення «Титаніка»...
521 _aДля підлітків
525 _aДля старшого шкільного віку
546 _aукр.
650 _aЛітературно-художне видання
942 _2udc
_cBK
999 _c17994
_d17994